Statistics for Currencies of the world

Click here to take the quiz!

General Stats

  • This quiz has been taken 28 times
  • The average score is 9 of 11

Answer Stats

CountryAnswer% Correct
AustraliaAustralian Dollar
100%
Antigua and BarbudaEast Caribbean Dollar
100%
AndorraEuro
100%
AustriaEuro
100%
ArgentinaPeso
95%
AlgeriaDinar
85%
AlbaniaLek
85%
AfghanistanAfghani
70%
AngolaKwanza
65%
AzerbaijanManat
60%
ArmeniaDram
55%

Score Distribution

Percentile by Number Answered

Percent of People with Each Score

Your Score History

You have not taken this quiz